Qoghamdiq ghilim minbăsi.

Saved in:
Bibliographic Details
Format: Journal
Language:Kazakh
Published: Ürimji : Shinjyang Uighur Avtonomyali Rayondiq Qoghamdiq Ghilim Salasindaghilar Birlăshtigi,
Subjects:
Tags: Add Tag
No Tags, Be the first to tag this record!
LEADER 01169nas a2200337 a 4500
001 007547539-1
005 20070215120858.0
008 970806c19919999cc qr p 0||| 0kazrd
022 |a 1672-1004 
035 0 |a ocn234422315 
043 |a a-cc-su 
245 0 0 |a Qoghamdiq ghilim minbăsi. 
246 3 |a Qoghamdiq ghilim minbăsi (Shinjyang) 
246 3 |a Shinjyang qoghamdiq ghilim minbăsi 
246 1 |i Parallel title, <2003>- :  |a Tribune of social sciences in Xinjiang 
260 |a Ürimji :  |b Shinjyang Uighur Avtonomyali Rayondiq Qoghamdiq Ghilim Salasindaghilar Birlăshtigi, 
300 |a v. ;  |c 26 cm. 
310 |a Quarterly 
362 1 |a Began in 1991. 
500 |a <2003>- issues: 29 cm. 
500 |a Description based on: 1996, 1 = jalpi 16-san; title from cover. 
515 |a Issues <1996, 1>-<1998, 1> and <2003, 1- have subtitle: (Shinjyang). 
546 |a In Kazakh  |b (Arabic script). 
650 0 |a Social sciences  |z China  |z Xinjiang Uygur Zizhiqu  |v Periodicals. 
650 0 |a Social sciences  |v Periodicals. 
752 |a China  |d Ürümqi. 
899 |a 415_565960 
899 |a 415_565358 
899 |a 415_565121 
988 |a 20020608 
906 |0 MH